00327nam a2200133Ia 4500008004100000041000800041082001500049100002300064245001900087250000800106260003700114300001100151650003100162231207s9999 xx 000 0 und d aeng a491.63/ERI aEric Enge 2009 Ed. aThe Art of SEO a575 bShroff Publisher & Distr. Mumbai aPB/574 aComnputer Program Language